Länder dessen Hauptstadt mit W beginnt - Statistiken

Allgemein
  • Dieses Quiz wurde 204 mal gespielt
    202 seit der letzten Aktualisierung
  • Das Durchschnittsergebnis liegt bei 4 aus 5
Antwortstatistiken
Kontinent Antwort % Korrekt
Europa Polen
89%
Ozeanien Neuseeland
87%
Europa Österreich
84%
Nordamerika Vereinigte Staaten von Amerika
79%
Afrika Namibia
47%
Keine übereinstimmenden Quizze gefunden
Verteilung der Resultate
Anzahl Personen mit jedem Resultat
Perzentil nach korrekt beantworteten Fragen
Ihre Resultats-Entwicklung
Sie haben dieses Quiz seit der letzten Aktualisierung nicht gespielt